000 00658nam a2200241Ia 4500
005 20260430150454.0
008 008 250103s9999 xx 000 0 eng d
037 _aTheses
040 _aCRL
040 _beng
040 _ceng
041 _2eng
041 _aeng
084 _qCRL
100 _aKaur Harleen Au.; Verma Harsh Vardhan Au.
_91237607
245 0 _aBrand Pride: Antecedents, Consequences and Branding Implications
260 _c2023
300 _a159p.
650 _aManagement
700 _aUniversity of Delhi. Faculty of Management Studies. Deptt. of Management Studies
_91236312
942 _cTH
999 _c1849859
_d1849859